000
00319nam a22001337a 4500
008
170601b xxu||||| |||| 00| 0 eng d
020
_a
0312923384
041
_a
eng
080
_a
94
100
_a
17
101
_a
SHH
245
_a
THE INTELLIGENT TRAVELLER'S GUIDE TO HISTORIC BRITAIN
_c
CROWL,PH.A
942
_2
udc
_c
BK
999
_c
15467
_d
15467